000 01249cam a22003497a 4500
003 CHAP
005 20220329141834.0
008 971202d1997 mx r 00110 spa d
010 _a74621
011 _a75593
035 _a85159
040 _cCHAP
090 _aTesis
100 0 0 _aGonzalez Alvarez, Eleazar Ubaldo.
_948640
245 1 0 _aRentabilidad de la porcicultura en el sureste de Guanajuato, 1995
_c/por Eleazar Ubaldo González Alvarez
260 _aChapingo, Méx. :
_bEl autor,
_c1997.
300 _a128 h. :
_bgráfs. ; anexos
502 _aTesis (M.C. Esp. en Economía) -- C.P. Instituto de Socioeconomía, Estadística e Informática
590 _aALEPH
_b10
_c20130110
_lUCH01
_h1420
590 _aBATCH-UPD
_b10
_c20130110
_lUCH01
_h0938
590 _aBATCH-UPD
_b10
_c20130410
_lUCH01
_h0555
590 _aBATCH-UPD
_b10
_c20130914
_lUCH01
_h1523
590 _aCONVERSION
_b10
_c20130109
_lUCH01
_h1341
650 1 4 _aGanado porcino
_xCostos de producción.
_945348
650 1 4 _aGanado porcino
_xGuanajuato.
_945371
650 1 4 _aGanado porcino
_xProducción.
_945399
650 1 4 _aGranjas porcinas.
_950413
901 _aBK
905 _aAlejandra Carrasco M.
942 _cTESIS
949 _bBC
_cTES
_d851591
_eTS1
_h31615
_i85159
_sb
999 _c74621
_d74621